Gyaecology by Ten Teachers (Record no. 1332)

MARC details
000 -LEADER
fixed length control field 00549nam a22002177a 4500
003 - CONTROL NUMBER IDENTIFIER
control field OSt
005 - DATE AND TIME OF LATEST TRANSACTION
control field 20150401173557.0
008 - FIXED-LENGTH DATA ELEMENTS--GENERAL INFORMATION
fixed length control field 150401b xxu||||| |||| 00| 0 eng d
020 ## - INTERNATIONAL STANDARD BOOK NUMBER
International Standard Book Number 9781444122312
040 ## - CATALOGING SOURCE
Transcribing agency DNLM
082 ## - DEWEY DECIMAL CLASSIFICATION NUMBER
Classification number WP100 G212m 2011
100 ## - MAIN ENTRY--PERSONAL NAME
Personal name Monga, Ash
9 (RLIN) 3539
245 ## - TITLE STATEMENT
Title Gyaecology by Ten Teachers
250 ## - EDITION STATEMENT
Edition statement 19th ed.
260 ## - PUBLICATION, DISTRIBUTION, ETC. (IMPRINT)
Place of publication, distribution, etc. London;
Name of publisher, distributor, etc. CRC Press,
Date of publication, distribution, etc. 2011
300 ## - PHYSICAL DESCRIPTION
Extent 206p;
Other physical details col.ill:
Dimensions 25cm
504 ## - BIBLIOGRAPHY, ETC. NOTE
Bibliography, etc Appendix, & index
650 ## - SUBJECT ADDED ENTRY--TOPICAL TERM
Topical term or geographic name as entry element Gyaecology
9 (RLIN) 6
700 ## - ADDED ENTRY--PERSONAL NAME
Personal name Dobbs, Stephen editor
9 (RLIN) 3540
942 ## - ADDED ENTRY ELEMENTS (KOHA)
Source of classification or shelving scheme Other/Generic Classification Scheme
Koha item type Short Loan
Holdings
Withdrawn status Lost status Source of classification or shelving scheme Damaged status Not for loan Home library Current library Date acquired Source of acquisition Inventory number Total Checkouts Full call number Barcode Date last seen Koha item type
    Other/Generic Classification Scheme     MUST Main Library MUST Main Library 01/04/2015   08/30592   WP100 G212m 2011 2015-0776 01/04/2015 Short Loan